The price of land and land use planning : (Kayıt no. 10258)

MARC ayrıntıları
000 -BAŞLIK
Sabit Uzunluktaki Kontrol Alanı 00606nam a22001937a 4500
003 - KONTROL NUMARASI KİMLİĞİ
Kontrol Alanı KOHA_MİRAKIL
005 - EN SON İŞLEM TARİHİ ve ZAMANI
Kontrol Alanı 20260415095754.0
008 - SABİT UZUNLUKTAKİ VERİ ÖGELERİ - GENEL BİLGİ
Sabit Alan 260415b tu ||||| |||| 00| 0 tur d
040 ## - KATALOGLAMA KAYNAĞI
Özgün Kataloglama Kurumu TR-AnABB
Kataloglama Dili tur
Çeviri Kurumu TR-AnABB
041 ## - DİL KODU
Metin ya da ses kaydının dil kodu eng
082 ## - DEWEY ONU SINIFLAMA SİSTEMİ
Sınıflama Numarası 307.12
Cutter numarası NEU 1973
100 1# - KİŞİ ADI
Yazar Adı (Kişi adı) Neutze, G. Max
245 14 - ESER ADI BİLDİRİMİ
Başlık The price of land and land use planning :
Alt Eseradı vb. policy instruments in the urban land market /
Sorumluluk Bildirimi G. Max Neutze
260 ## - YAYIN, DAĞITIM, VB.
Yayın Yeri Paris :
Yayınevi [yayl. y.] ,
Yayın Tarihi 1973
300 ## - FİZİKSEL TANIMLAMA
Sayfa, Cilt vb. 95 sayfa ;
Boyutları 30 cm
650 04 - KONU BAŞLIĞI EK GİRİŞ - KONU TERİMİ
Konusal terim veya coğrafi ad Bölge planlama
650 04 - KONU BAŞLIĞI EK GİRİŞ - KONU TERİMİ
Konusal terim veya coğrafi ad Arazi kullanımı, planlama
942 ## - EK GİRİŞ ÖGELERİ (KOHA)
Sınıflama Kaynağı Dewey Decimal Classification
Materyal Türü Kitap
900 ## - YEREL BİLGİ
Kontrol Can ÇELIK
Mevcut
Geri Çekilme Durumu Kayıp Durumu Sınıflandırma Kaynağı Kredi için değil Kalıcı Konum Mevcut Konum Kayıt Tarih Toplam Ödünçverme Yer Numarası Demirbaş Numarası Son Görülme Tarihi Fatura Tarihi Materyal Türü
    Dewey Decimal Classification   Prof. Dr. Ruşen Keleş Kütüphanesi Prof. Dr. Ruşen Keleş Kütüphanesi 15/04/2026   307.12 NEU 1973 RK7099 15/04/2026 15/04/2026 Kitap